| 000 | 00687nam a22001337a 4500 | ||
|---|---|---|---|
| 040 | _cRUA | ||
| 082 | _aVEM MOK 2015 B533 Or.1 | ||
| 100 | _aMOK SOKPANHA; ម៉ុក សុខបញ្ញា | ||
| 245 | _aSurvey on diarrhea of piglets at sok khim farm at ratanak mondol district, battambong province; ការអង្កេតពីជំងឺរាកលើកូនជ្រូកអំឡុងពេលបំបៅក្នុងកសិដ្ឋាន សុខ ឃីម នៅស្រុករតនមណ្ឌល ខេត្តបាត់ដំបង | ||
| 260 |
_aPHNOM PENH _bMOK _c2015 |
||
| 300 |
_aix;40p. _bill. _c29cm. |
||
| 856 | _uMOK SOKPANHA | ||
| 942 | _cVEM | ||
| 999 |
_c10868 _d10868 |
||